The Merck index : (Record no. 19419)
[ view plain ]
| 000 -LEADER | |
|---|---|
| fixed length control field | 01110cam a22002895a 4500 |
| 001 - CONTROL NUMBER | |
| control field | 17924326 |
| 005 - DATE AND TIME OF LATEST TRANSACTION | |
| control field | 20150628093257.0 |
| 008 - FIXED-LENGTH DATA ELEMENTS--GENERAL INFORMATION | |
| fixed length control field | 131031s2013 enka frbd i001 0 eng d |
| 020 ## - INTERNATIONAL STANDARD BOOK NUMBER | |
| International Standard Book Number | 9781849736701 |
| 040 ## - CATALOGING SOURCE | |
| Original cataloging agency | NLM |
| Language of cataloging | eng |
| Transcribing agency | NLM |
| Modifying agency | YDXCP |
| -- | BDX |
| -- | ABG |
| -- | CTB |
| -- | SINLB |
| -- | QGK |
| -- | VET |
| -- | OBE |
| -- | FVC |
| -- | MUU |
| -- | DLC |
| -- | EG-ScBUE |
| 082 04 - DEWEY DECIMAL CLASSIFICATION NUMBER | |
| Classification number | 615.103 |
| Item number | MER |
| Edition number | 22 |
| 245 04 - TITLE STATEMENT | |
| Title | The Merck index : |
| Remainder of title | an encyclopedia of chemicals, drugs, and biologicals / |
| Statement of responsibility, etc | edited by Maryadele J. O'Neil ... [et al.] |
| 246 30 - VARYING FORM OF TITLE | |
| Title proper/short title | Encyclopedia of chemicals, drugs, and biologicals |
| 250 ## - EDITION STATEMENT | |
| Edition statement | 15th ed. |
| 260 ## - PUBLICATION, DISTRIBUTION, ETC. (IMPRINT) | |
| Place of publication, distribution, etc | Cambridge : |
| Name of publisher, distributor, etc | The Royal Society of Chemistry, |
| Date of publication, distribution, etc | 2013. |
| 300 ## - PHYSICAL DESCRIPTION | |
| Extent | [various pagings] : |
| Other physical details | ill. ; |
| Dimensions | 26 cm. |
| 504 ## - BIBLIOGRAPHY, ETC. NOTE | |
| Bibliography, etc | Includes bibliographical references and indexes. |
| 650 #0 - SUBJECT ADDED ENTRY--TOPICAL TERM | |
| Topical term or geographic name as entry element | Drugs |
| Form subdivision | Dictionaries. |
| Source of heading or term | BUEsh |
| 650 #0 - SUBJECT ADDED ENTRY--TOPICAL TERM | |
| Topical term or geographic name as entry element | Chemicals |
| Form subdivision | Dictionaries. |
| Source of heading or term | BUEsh |
| 650 #0 - SUBJECT ADDED ENTRY--TOPICAL TERM | |
| Topical term or geographic name as entry element | Biologicals |
| Form subdivision | Dictionaries. |
| Source of heading or term | BUEsh |
| 650 #0 - SUBJECT ADDED ENTRY--TOPICAL TERM | |
| Topical term or geographic name as entry element | Biomolecules |
| Form subdivision | Dictionaries. |
| Source of heading or term | BUEsh |
| 651 ## - SUBJECT ADDED ENTRY--GEOGRAPHIC NAME | |
| Source of heading or term | BUEsh |
| 653 ## - INDEX TERM--UNCONTROLLED | |
| Resource For college | Engineering, Chemical |
| -- | Pharmacy |
| Arrived date list | May2015 |
| -- | June2015 |
| 655 ## - INDEX TERM--GENRE/FORM | |
| Form subdivision | |
| -- | 34232 |
| 700 1# - ADDED ENTRY--PERSONAL NAME | |
| Personal name | O'Neil, Maryadele J., |
| Relator term | editor. |
| 942 ## - ADDED ENTRY ELEMENTS (KOHA) | |
| Source of classification or shelving scheme | Dewey Decimal Classification |
| Call number prefix | 615.103 MER |
| Withdrawn status | Item status | Source of classification or shelving scheme | Damaged status | Not for loan | Vendor | Home library | Current library | Shelving location | Date acquired | Source of acquisition | Cost, normal purchase price | Serial Enumeration / chronology | Total Checkouts | Full call number | Barcode | Date last seen | Cost, replacement price | Koha item type |
|---|---|---|---|---|---|---|---|---|---|---|---|---|---|---|---|---|---|---|
| Dewey Decimal Classification | Baccah | Central Library | Central Library | Ground Floor | 24/05/2015 | 938.00 | 22353 | 615.103 MER | 000038297 | 15/07/2025 | 1173.00 | Reference (NB) | ||||||
| Dewey Decimal Classification | Alahram | Central Library | Central Library | Ground Floor | 24/06/2015 | 1038.00 | 307 | 615.103 MER | 000039114 | 15/07/2025 | 1297.50 | Reference (NB) |